Carefully constructed (Record no. 67028)
[ view plain ]
| 000 -LEADER | |
|---|---|
| fixed length control field | 01227cam a2200241 4500 |
| 001 - CONTROL NUMBER | |
| control field | ABS63991 |
| 008 - FIXED-LENGTH DATA ELEMENTS--GENERAL INFORMATION | |
| fixed length control field | 000000n2001 000 0 eng u |
| 035 ## - SYSTEM CONTROL NUMBER | |
| System control number | (Sirsi) u112605 |
| 100 ## - MAIN ENTRY--PERSONAL NAME | |
| Personal name | Birkbeck, D |
| 245 ## - TITLE STATEMENT | |
| Title | Carefully constructed |
| 260 ## - PUBLICATION, DISTRIBUTION, ETC. | |
| Date of publication, distribution, etc. | 2001 |
| 490 ## - SERIES STATEMENT | |
| Series statement | Housing Today |
| Volume/sequential designation | (232) 3 May 2001, 14-15(2) |
| 520 ## - SUMMARY, ETC. | |
| Summary, etc. | Looks at the various supplementary guidance published in the wake of PPG3 which includes, "Tapping the potential - assessing urban housing capacity", "Urban design compendium", and "Sustainability toolkit", with a further publication set to detail 15 popular high-density developments. Questions whether housebuilders are able to meet the requirements laid out in the housing guidance; for example, can homes be 'popular' and 'high density'. Provides details of several urban schemes which have managed to provide interior layout flexibility, a factor required to make higher density designs 'sustainable', according to the compendium and toolkit guidance. |
| 590 ## - LOCAL NOTE (RLIN) | |
| Local note | ABS |
| 650 ## - SUBJECT ADDED ENTRY--TOPICAL TERM | |
| Topical term or geographic name entry element | FLEXIBILITY |
| 650 ## - SUBJECT ADDED ENTRY--TOPICAL TERM | |
| Topical term or geographic name entry element | HOUSE BUILDERS |
| 650 ## - SUBJECT ADDED ENTRY--TOPICAL TERM | |
| Topical term or geographic name entry element | Sustainability |
| 9 (RLIN) | 6271 |
| 650 ## - SUBJECT ADDED ENTRY--TOPICAL TERM | |
| Topical term or geographic name entry element | LAYOUT |
| 650 ## - SUBJECT ADDED ENTRY--TOPICAL TERM | |
| Topical term or geographic name entry element | HOUSING DENSITY |
| 650 ## - SUBJECT ADDED ENTRY--TOPICAL TERM | |
| Topical term or geographic name entry element | PPG3 |
| 690 ## - LOCAL SUBJECT ADDED ENTRY--TOPICAL TERM (OCLC, RLIN) | |
| Topical term or geographic name as entry element | HOUSING-DEVELOPMENT |
| 942 ## - ADDED ENTRY ELEMENTS (KOHA) | |
| Suppress in OPAC | 0 |
| Withdrawn status | Lost status | Source of classification or shelving scheme | Damaged status | Not for loan | Home library | Current library | Shelving location | Date acquired | Total Checkouts | Full call number | Barcode | Date last seen | Copy number | Price effective from | Koha item type |
|---|---|---|---|---|---|---|---|---|---|---|---|---|---|---|---|
| Dewey Decimal Classification | London | London | Journal article | 16/05/2001 | ABS63991 | 112605-1001 | 06/08/2019 | 1 | 06/08/2019 | Journal article |